000 00798nam a2200253Ia 4500
003 GCL
008 140319s9999 xx 000 0 ara d
040 _aGCL /
_cGCL
082 0 4 _a301.07
_bق م
100 1 _aقبارى محمد اسماعيل
245 1 0 _aمناهج البحث فى علم الاجتماع مواقف واتجاهات معاصرة /
_cقبارى محمد اسماعيل
260 _a[S.N] :
_bمكتبه النهضه المصريه ،
_c1982
300 _a630 ص
490 _a
650 0 4 _aالمجتمع
650 0 4 _aفلسفة
650 0 4 _aنظريات
650 0 4 _aمناهج البحث
650 0 4 _aالاجتماع
650 0 4 _aالسلوك
650 0 4 _aالانثربولوجيا
650 0 4 _aالاجتماع المقارن
942 _2ddc
_cBK
999 _c31864
_d31864